LEADER 01258nam a2200301 u 4500 001 000000016812 003 CaOOAMICUS 005 20070226110032.0 008 940517s1967 it u000 u ita u 035 $a10393509 040 $aPUL(R)$bita$dPUL(R)$dIAR 041 1 $aita$hger 100 1 $aJung, C. G.$q(Carl Gustav),$d1875-1961.$0(OLS)http://pul/name/441 240 10$aBeziehungen zwischen dem Ich und dem Unbewussten.$lItaliano.$0(OLS)http://pul/title/24026 245 12$aL'io e l'inconscio /$cCarl Gustav Jung ; introduzione di Mario Trevi. 260 $aTorino :$bBoringhieri,$c1967. 300 $a165 p. ;$c19 cm 490 1 $aUniversale scientifica ;$v21 650 4$aInconscio.$0(OLS)http://pul/subject/11948 650 4$aPersonalitą.$0(OLS)http://pul/subject/6749 700 1 $aTrevi, Mario,$d1924-$0(OLS)http://pul/name/15254 830 0$aUniversale scientifica ;$v21.$0(OLS)http://pul/title/545 850 $aPUL 852 $aPUL$W1$xSL Filosofia 1$y2$m96 G 41$j23667$nBK-PRI$b $qStampati$B23667$CPULBib$Z2$F23667 $H $81 941 1 $a8 961 $aINV: 35560 996 $6245$aL'io e l'inconscio$9(OLS)http://pul/title/24027 996 $6260$aTorino :$bBoringhieri$9(OLS)http://pul/publisher/48095 LEADER 01351nam a2200277 a 4500 001 000000167510 003 CaOOAMICUS 005 20180507093343.0 008 180507s1996 it u000 u ita r 020 $a88-7648-247-4* 032 $aLibriCat 040 $aPUL$bita 110 2 $aCentro regionale universitario per il teatro del Piemonte.$bConvegno internazionale$d(1993 :$dTorino).$0(OLS)http://pul/name/107965 245 10$aFantasmi femminili nel castello dell'inconscio maschile :$batti del Convegno internazionale, Torino, 8-9 marzo 1993 /$cCentro regionale universitario per il teatro del Piemonte. 260 $aGenova :$bCosta & Nolan,$c©1996. 300 $a254 p. ;$c22 cm. 504 $aBibliografia in nota. 650 4$aPsicologia$xInconscio.$0(OLS)http://pul/subject/29498 650 4$aInconscio.$0(OLS)http://pul/subject/11948 850 $aPUL 852 $aPUL$W1$xDP1 Fondo Dalla Palma$y117$m2 E 16$j131352$qFondi$B195158$CPULBib$Z2$F195158 $HDal2906 $81 941 1 $a1 996 $6020$a88-7648-247-4*$9(OLS)http://pul/number/163939 996 $6245$aFantasmi femminili nel castello dell'inconscio maschile :$batti del Convegno internazionale, Torino, 8-9 marzo 1993$9(OLS)http://pul/title/207581 996 $6260$aGenova :$bCosta & Nolan$9(OLS)http://pul/publisher/82394